LIBRARY & INFORMATION CENTRE, KCAET, TAVANUR

ONLINE PUBLIC ACCESS CATALOGUE (OPAC)

Kavi prasad / (Record no. 8324)

MARC details
000 -LEADER
fixed length control field 00379cam a2200157ua 4500
041 ## - LANGUAGE CODE
Language code of text/sound track or separate title hin
082 ## - DEWEY DECIMAL CLASSIFICATION NUMBER
Classification number 891.54
Item number RAM/KA
100 ## - MAIN ENTRY--AUTHOR NAME
Personal name Ranratan, Bhatnagar .
245 ## - TITLE STATEMENT
Title Kavi prasad /
250 ## - EDITION STATEMENT
Edition statement 3 /
260 ## - PUBLICATION, DISTRIBUTION, ETC. (IMPRINT)
Place of publication Allahabad :
Name of publisher Kitab Mahal ,
Year of publication 1953.
300 ## - PHYSICAL DESCRIPTION
Number of Pages 214 ; .
942 ## - ADDED ENTRY ELEMENTS (KOHA)
Koha item type Books
Holdings
Withdrawn status Lost status Damaged status Home library Current library Date acquired Full call number Accession Number Koha item type
Withdrawn     KAUAET Sanskrit University 07/04/2012 891.54 2907 Books
free website counter